000 00464nam a2200181Ia 4500
003 GCL
008 140319s9999 xx 000 0 eng d
040 _aGCL /
_cGCL
082 0 4 _a621.3916
_bAM
100 1 _aANTONAKOS, JAMES L.
245 1 0 _aMIERA COMPUTER REPAIR /
_cANTONAKOS, JAMES L.
700 1 _aADWSON, TOM
260 _a[S.N] :
_bPRINTICE_HALLINC ،
_c1996
300 _a499
650 0 4 _aMICRO COMPUTERS
650 0 4 _aMAINTENANCE
942 _2ddc
_cBK
999 _c11595
_d11595